[Event "SLO-chT2 (Women)"]
[Site "Bled"]
[Date "2001.11.25"]
[Round "5"]
[White "Faric, Spela"]
[Black "Kosir, Pavla"]
[Result "0-1"]
[WhiteElo "1522"]
[BlackElo "1916"]
[PlyCount "88"]
[EventDate "2001.11.18"]
[EventType "team"]
[EventRounds "5"]
[EventCountry "SLO"]
[SourceTitle "EXT 2003"]
[Source "ChessBase"]
[SourceDate "2002.11.25"]
[SourceVersion "1"]
[SourceVersionDate "2002.11.25"]
[SourceQuality "1"]

1. e4 c5 2. Nf3 d6 3. h3 Nf6 4. Nc3 Nc6 5. d3 g6 6. Be2 Bg7 7. Bd2 0-0 8. 0-0 a6 9. Nh2 Nd4 10. f4 Qc7 11. Nf3 Nxf3+ 12. Bxf3 Rb8 13. Qe2 e6 14. Bg4 Nxg4 15. Qxg4 b5 16. Rab1 b4 17. Ne2 f5 18. exf5 exf5 19. Qg3 Bb7 20. b3 Rbe8 21. Rbe1 Re6 22. Nc1 Rfe8 23. Rxe6 Rxe6 24. Re1 Qe7 25. Rxe6 Qxe6 26. Qe1 Kf7 27. Qxe6+ Kxe6 28. Ne2 a5 29. g4 fxg4 30. hxg4 Bf3 31. Ng3 Bxg4 32. Nf1 Bd1 33. Kf2 h5 34. Ke1 Bxc2 35. Ke2 Bb1 36. Kd1 Bxd3 37. Ng3 h4 38. Nh1 Bb1 39. Nf2 Bxa2 40. Kc2 c4 41. bxc4 Bxc4 42. Kb1 Bd4 43. Nd1 Bd3+ 44. Kc1 Be4 0-1